[Event "Osijek Baranja CupT 5th"]
[Site "Nasice"]
[Date "2012.03.11"]
[Round "4.5"]
[White "Lijic, Josip"]
[Black "Dusper, Hrvoje"]
[Result "0-1"]
[WhiteElo "2096"]
[BlackElo "2166"]
[PlyCount "56"]
[EventDate "2012.03.09"]
[EventType "team-swiss"]
[EventRounds "5"]
[EventCountry "CRO"]
[SourceTitle "EXT 2014"]
[Source "ChessBase"]
[SourceDate "2013.11.20"]
[SourceVersion "1"]
[SourceVersionDate "2013.11.20"]
[SourceQuality "1"]

1. d4 Nf6 2. Nf3 b5 3. g3 Bb7 4. Bg2 e6 5. 0-0 c5 6. c3 Qb6 7. e3 d6 8. b3 Nbd7 9. Nbd2 Be7 10. Re1 Ne4 11. Nxe4 Bxe4 12. Nd2 Bxg2 13. Kxg2 0-0 14. Bb2 cxd4 15. exd4 d5 16. Nf3 Rfc8 17. Qd3 Rc7 18. h4 Rac8 19. a3 a5 20. Rac1 Nf6 21. Ne5 Bd6 22. f3 Bxe5 23. Rxe5 b4 24. axb4 axb4 25. c4 Qa6 26. Qe2 dxc4 27. bxc4 Rxc4 28. d5 Nxd5 0-1